Time to rethink the landscape protection system? (Record no. 64203)

MARC details
000 -LEADER
fixed length control field 00989cam a2200253 4500
001 - CONTROL NUMBER
control field ABS62670
008 - FIXED-LENGTH DATA ELEMENTS--GENERAL INFORMATION
fixed length control field 000000n2000 000 0 eng u
035 ## - SYSTEM CONTROL NUMBER
System control number (Sirsi) u107374
100 ## - MAIN ENTRY--PERSONAL NAME
Personal name Smart, G.
245 ## - TITLE STATEMENT
Title Time to rethink the landscape protection system?
260 ## - PUBLICATION, DISTRIBUTION, ETC.
Date of publication, distribution, etc. 2000
490 ## - SERIES STATEMENT
Series statement Town & Country Planning
Volume/sequential designation 69(7/8) July/August 2000, 212-213(2)
520 ## - SUMMARY, ETC.
Summary, etc. Highlights anomalies in the current system for protected landscape, and states it is time for a thorough overhaul of the system. Argues that Areas of Outstanding Natural Beauty (AONBs) should be given the same statutory status as National Parks as they both provide a recreational service to the public.
590 ## - LOCAL NOTE (RLIN)
Local note ABS
650 ## - SUBJECT ADDED ENTRY--TOPICAL TERM
Topical term or geographic name entry element PROTECTED LANDSCAPE
650 ## - SUBJECT ADDED ENTRY--TOPICAL TERM
Topical term or geographic name entry element COUNTRYSIDE AGENCY
650 ## - SUBJECT ADDED ENTRY--TOPICAL TERM
Topical term or geographic name entry element AREAS OF OUTSTANDING NATURAL BEAUTY
650 ## - SUBJECT ADDED ENTRY--TOPICAL TERM
Topical term or geographic name entry element NATIONAL PARKS
650 ## - SUBJECT ADDED ENTRY--TOPICAL TERM
Topical term or geographic name entry element RECREATION
650 ## - SUBJECT ADDED ENTRY--TOPICAL TERM
Topical term or geographic name entry element DESIGNATION
690 ## - LOCAL SUBJECT ADDED ENTRY--TOPICAL TERM (OCLC, RLIN)
Topical term or geographic name as entry element RURAL-NATURE CONSERVATION
700 ## - ADDED ENTRY--PERSONAL NAME
Personal name Holdaway, E.
942 ## - ADDED ENTRY ELEMENTS (KOHA)
Suppress in OPAC 0
Holdings
Withdrawn status Lost status Source of classification or shelving scheme Damaged status Not for loan Home library Current library Shelving location Date acquired Total Checkouts Full call number Barcode Date last seen Copy number Price effective from Koha item type
    Dewey Decimal Classification     London London Journal article 27/07/2000   ABS62670 107374-1001 06/08/2019 1 06/08/2019 Journal article